000 00541nam a2200205Ia 4500
005 20250506172823.0
008 008 250505s9999 xx 000 0 eng d
020 _a9788131606803
037 _aTB
040 _aILCL
_beng
_cILCL
041 _aeng
_2eng
082 _qILCL
100 _aDube, M P (Ed.)
_939123
245 0 _aSocial Justice: Distributive Principles and Beyond
260 _aDelhi
_bRawat Publications
_c2017
300 _aviii,336p.
365 _aINR
942 _cTB
_2Colon Classification
999 _c1312134
_d1312134